|
|
|
|
| LEADER |
00000nam a2200000Ii 4500 |
| 001 |
DIGABYALA0453 |
| 003 |
NyNyDIG |
| 006 |
m o d |
| 007 |
cr ||||||||||| |
| 008 |
250808s2010 ec ob 000 0 spa d |
| 035 |
|
|
|a (OCoLC)1531391484
|
| 040 |
|
|
|a DGITA
|b eng
|e rda
|e pn
|c DGITA
|
| 020 |
|
|
|z 9789978229613
|
| 043 |
|
|
|a s-ec---
|
| 050 |
1 |
4 |
|a F3721.3.P74 ebook
|
| 100 |
1 |
|
|a Lalander, Rickard,
|e author.
|
| 245 |
1 |
0 |
|a Retorno de los runakuna :
|b Cotacachi y Otavalo /
|c Rickard Lalander.
|
| 264 |
|
1 |
|a Quito, Ecuador :
|b Abya Yala ;
|a Cuenca, Ecuador :
|b Universidad Politécnica Salesiana,
|c 2010.
|
| 300 |
|
|
|a 1 online resource.
|
| 336 |
|
|
|a text
|b txt
|2 rdacontent
|
| 337 |
|
|
|a computer
|b c
|2 rdamedia
|
| 338 |
|
|
|a online resource
|b cr
|2 rdacarrier
|
| 347 |
|
|
|a text file
|2 rdaft
|
| 347 |
|
|
|b PDF
|
| 504 |
|
|
|a Includes bibliographical references.
|
| 588 |
0 |
|
|a Online resource; title from PDF title page (Digitalia, viewed August 8, 2025)
|
| 650 |
|
0 |
|a Indians of South America
|z Ecuador
|z Cotacachi
|x Politics and government.
|
| 650 |
|
0 |
|a Indians of South America
|z Ecuador
|z Otavalo
|x Politics and government.
|
| 651 |
|
0 |
|a Cotacachi (Ecuador)
|x Politics and government.
|
| 651 |
|
0 |
|a Otavalo (Ecuador)
|x Politics and government.
|
| 791 |
2 |
|
|a Digitalia (Firm),
|e distributor.
|
| 793 |
0 |
|
|g Digitalia eBook Collection:
|a Ediciones Abya-Yala
|
| 776 |
0 |
8 |
|i Print version:
|a Lalander, Rickard.
|t Retorno de los runakuna.
|b 1era edición.
|d Quito, Ecuador : Abya Yala ; Cuenca, Ecuador : Universidad Politécnica Salesiana, 2010
|z 9789978229613
|
| 856 |
4 |
0 |
|3 Digitalia Hispánica
|u https://www.digitaliapublishing.com/a/175984/
|
| 910 |
|
|
|a Premium collection: 2025
|